| 000 | 01845cam a2200589 4500 | ||
|---|---|---|---|
| 003 | PE-LiUPU | ||
| 005 | 20250731170449.0 | ||
| 008 | 2006 sp b | ||
| 020 | _a8497000339X | ||
| 035 | _a(Sirsi) i8497000339X | ||
| 035 | _a(Sirsi) 44344 | ||
| 035 | _a(Sirsi) 44344 | ||
| 082 | 0 | 4 |
_a195.4136 _bR53 1 |
| 100 | 1 | _aRico Vercher, Manuel | |
| 245 | 1 | 0 |
_aCómo estimular el lenguaje en el niñ : _bde cero a tres años / _cManuel Rico Vercher _n1. |
| 264 | 1 |
_aArchidona (Málaga) : _bAljibe, _c[2006]. |
|
| 300 |
_a136 páginas : _bilustraciones ; _c24 centímetros. |
||
| 490 | 0 |
_aColección Audición y lenguaje _v1 |
|
| 504 | _aIncluye bibliografía | ||
| 505 | 0 | _aPresentación -- Acción -- Dos propuestas finales. | |
| 526 | _aSEG68 | ||
| 526 | _aSEG70 | ||
| 526 | _aSEG69 | ||
| 526 | _aSEG67 | ||
| 526 | _aSEG43 | ||
| 526 | _aP144 | ||
| 526 | _aP143 | ||
| 526 | _aP131 | ||
| 526 | _aP122 | ||
| 526 | _aP120 | ||
| 526 | _aP117 | ||
| 526 | _aP112 | ||
| 526 | _aP110 | ||
| 526 | _aP106 | ||
| 526 | _aP101 | ||
| 526 | _aP80 | ||
| 526 | _aP59 | ||
| 526 | _aP54 | ||
| 526 | _aP35 | ||
| 526 | _aP33 | ||
| 526 | _aP30 | ||
| 650 | 1 | 4 |
_aLenguaje de los niños _92058 |
| 650 | 1 | 4 |
_aLenguaje _xAdquisición |
| 650 | 1 | 4 | _aEstimulación temprana |
| 942 |
_2ddc _cBOOK |
||
| 949 |
_a195.4136 R53 1 _i61835 _lCCODEBUL1 _mBUL _tLIBRO _o.STAFF. Colección General |
||
| 859 |
_q61835 _h195.4136 _iR53 1 |
||
| 910 |
_ajvm _bjv _cjvm _d20100614 |
||
| 596 | _a1 | ||
| 999 |
_a195.4136 R53 1 _wDEWEY _c50973 _i61835 _d50973 _e2018-5-30 _f2021-11-8 _g4 _lCCODEBUL1 _mBUL _n3 _p22.00 _q1 _r0 _sY _tBOOK _u2015-7-6 _xEDUCACION _PP33 _0COMPRA _o.STAFF. Colección Ciencias de la Salud |
||
| 980 |
_81 _gALBERTO SANCHEZ Responsable de Automatización |
||